LEADER 02397 am 2200433 n 450 001 9910495916303321 005 20240104030731.0 010 $a979-1-03-000565-3 024 7 $a10.4000/books.pub.41299 035 $a(CKB)5590000000431838 035 $a(FrMaCLE)OB-pub-41299 035 $a(PPN)253362814 035 $a(EXLCZ)995590000000431838 100 $a20210113j|||||||| ||| 0 101 0 $afre 135 $auu||||||m|||| 200 00$aContribution à l?étude de l?interactivité$eLes usages du multimédia de musée$fGeneviève Vidal 210 $aPessac$cPresses Universitaires de Bordeaux$d2020 215 $a1 online resource (170 p.) 311 $a2-86781-403-0 330 $aLa notion complexe de l?interactivité, entendue comme une activité de dialogue entre un humain et un programme informatique, peut être reliée à la simulation de relations inter-individuelles médiatisées par ordinateur. L?appropriation des technologies interactives par les musées donne parfois lieu à de riches propositions multimédia, mais le plus souvent les musées privilégient les logiques de diffusion et de communication unidirectionnelle. Ce livre propose une analyse de l?interactivité dans le secteur muséal, qui présente l?intérêt de tenir une place spécifique dans la société en tant qu?institution publique tout en s?inscrivant, dans une certaine mesure, dans les logiques d?industrialisation et de marchandisation de la culture. Cette situation, source de tension, permet l?examen de la dissémination des technologies informatiques, télécommunicationnelles et multimédia. Grâce à une étude approfondie des activités multimédia des musées, l?auteure aborde, dans une démarche critique, les problématiques relatives à l?interactivité. 606 $aLibrary, Information & Communication sciences 606 $aculture 606 $amusée 606 $amédiation 606 $ausage 606 $ainteraction 615 4$aLibrary, Information & Communication sciences 615 4$aculture 615 4$amusée 615 4$amédiation 615 4$ausage 615 4$ainteraction 700 $aVidal$b Geneviève$01289158 801 0$bFR-FrMaCLE 906 $aBOOK 912 $a9910495916303321 996 $aContribution à l?étude de l?interactivité$93658156 997 $aUNINA LEADER 01987nas 2200613-a 450 001 9910146380503321 005 20260218111751.0 035 $a(CKB)954927729614 035 $a(CONSER)---96648133- 035 $a(DE-599)ZDB2628162-4 035 $a(DE-599)2628162-4 035 $a(EXLCZ)99954927729614 100 $a19940727a19959999 --- a 101 0 $aeng 181 $ctxt$2rdacontent 182 $cc$2rdamedia 183 $acr$2rdacarrier 200 00$aExercise immunology review 210 $aChampaign, IL $cHuman Kinetics$d©1995- 210 2 $aGreven $cWWF Verlag 210 31$a[Germany] :$cInternational Society of Exercise and Immunology 215 $a1 online resource 300 $aRefereed/Peer-reviewed 300 $aTitle from cover. 300 $aVols. for 2002- published: Greven : WWF Verlag. 311 08$a1077-5552 531 $aEXERC IMMUNOL REV 531 $aEXERC IMM R 531 $aEXERC. IMMUNOL. REV 531 0 $aExerc. immunol. rev. 606 $aExercise$xImmunological aspects$vPeriodicals 606 $aDisease Susceptibility$ximmunology 606 $aExercise$xphysiology 606 $aImmune System$xphysiology 606 $aImmunity$xphysiology 606 $aExercice$xImmunologie$vPériodiques 606 $aExercise$xImmunological aspects$2fast$3(OCoLC)fst00918001 608 $aPeriodical. 608 $aPeriodicals.$2fast 608 $aPeriodicals.$2lcgft 615 0$aExercise$xImmunological aspects 615 2$aDisease Susceptibility$ximmunology. 615 2$aExercise$xphysiology. 615 2$aImmune System$xphysiology. 615 2$aImmunity$xphysiology. 615 6$aExercice$xImmunologie 615 7$aExercise$xImmunological aspects. 676 $a616.07/9 712 02$aInternational Society of Exercise and Immunology. 906 $aJOURNAL 912 $a9910146380503321 920 $aexl_impl conversion 996 $aExercise immunology review$92082573 997 $aUNINA